Finde das versteckte Land mit einem Farbcode #2 - Statistiken

Allgemein
  • Dieses Quiz wurde 44.737 mal gespielt
  • Das Durchschnittsergebnis liegt bei 36 aus 196
Antworten auf der Karte
Die Antworten werden auf der Karte rot bzw. grün angezeigt, abhängig davon wie oft sie richtig erraten wurden.
 
Antwortstatistiken
Land % Korrekt
Deutschland
66%
Russland
55%
Vereinigte Staaten
54%
Südafrika
45%
China
38%
Demokratische Republik Kongo
37%
Republik Kongo
36%
Italien
35%
Ägypten
34%
Frankreich
31%
Spanien
31%
Brasilien
27%
Kenia
27%
Lesotho
27%
Niger
27%
Sudan
27%
Algerien
26%
Kanada
26%
Namibia
26%
Türkei
26%
Australien
25%
Marokko
25%
Tansania
25%
Angola
24%
Indien
24%
Madagaskar
24%
Tschad
23%
Uganda
23%
Griechenland
22%
Mexiko
22%
Mosambik
22%
Saudi-Arabien
22%
Schweiz
22%
Eswatini
21%
Iran
21%
Japan
21%
Nigeria
21%
Österreich
21%
Polen
21%
Sambia
21%
Somalia
21%
Äthiopien
20%
Ghana
20%
Libyen
20%
Mali
20%
Portugal
20%
Ruanda
20%
Simbabwe
20%
Slowenien
20%
Südsudan
20%
Tunesien
20%
Zentralafrikanische Republik
20%
Irak
19%
Israel
19%
Jemen
19%
Malawi
19%
Oman
19%
Schweden
19%
Argentinien
18%
Belgien
18%
Burundi
18%
Dänemark
18%
Island
18%
Kamerun
18%
Kroatien
18%
Malta
18%
Norwegen
18%
Serbien
18%
Syrien
18%
Ukraine
18%
Albanien
17%
Chile
17%
Eritrea
17%
Finnland
17%
Gabun
17%
Indonesien
17%
Irland
17%
Kasachstan
17%
Mongolei
17%
Niederlande
17%
Peru
17%
Senegal
17%
Togo
17%
Ungarn
17%
Zypern
17%
Afghanistan
16%
Benin
16%
Bolivien
16%
Bosnien und Herzegowina
16%
Bulgarien
16%
Elfenbeinküste
16%
Gambia
16%
Jordanien
16%
Katar
16%
Kolumbien
16%
Kosovo
16%
Kuba
16%
Libanon
16%
Neuseeland
16%
Pakistan
16%
Panama
16%
Rumänien
16%
Slowakei
16%
Südkorea
16%
Thailand
16%
Tschechien
16%
Vereinigte Arabische Emirate
16%
Vereinigtes Königreich
16%
Andorra
15%
Äquatorial-Guinea
15%
Armenien
15%
Aserbaidschan
15%
Bahamas
15%
Bahrain
15%
Bangladesch
15%
Belarus
15%
Belize
15%
Bhutan
15%
Brunei
15%
Burkina Faso
15%
Costa Rica
15%
Dominikanische Republik
15%
Dschibuti
15%
Ecuador
15%
El Salvador
15%
Estland
15%
Fidschi
15%
Georgien
15%
Guatemala
15%
Guinea
15%
Guyana
15%
Haiti
15%
Honduras
15%
Jamaika
15%
Kambodscha
15%
Kap Verde
15%
Kirgisistan
15%
Kiribati
15%
Komoren
15%
Kuwait
15%
Laos
15%
Lettland
15%
Liberia
15%
Liechtenstein
15%
Litauen
15%
Luxemburg
15%
Malaysia
15%
Malediven
15%
Mauretanien
15%
Mauritius
15%
Moldawien
15%
Monaco
15%
Montenegro
15%
Myanmar
15%
Nauru
15%
Nepal
15%
Nicaragua
15%
Nordkorea
15%
Nordmazedonien
15%
Osttimor
15%
Palau
15%
Papua-Neuguinea
15%
Paraguay
15%
Philippinen
15%
Samoa
15%
San Marino
15%
São Tomé und Príncipe
15%
Seychellen
15%
Sierra Leone
15%
Singapur
15%
Sri Lanka
15%
Suriname
15%
Tadschikistan
15%
Taiwan
15%
Tonga
15%
Turkmenistan
15%
Uruguay
15%
Usbekistan
15%
Vatikanstadt
15%
Venezuela
15%
Vietnam
15%
Antigua und Barbuda
14%
Barbados
14%
Dominica
14%
Föderierte Staaten von Mikronesien
14%
Grenada
14%
Guinea-Bissau
14%
Marshallinseln
14%
Salomonen
14%
St. Kitts und Nevis
14%
St. Lucia
14%
St. Vincent und die Grenadinen
14%
Trinidad und Tobago
14%
Tuvalu
14%
Vanuatu
14%
Verstecktes Land
14%
Keine übereinstimmenden Quizze gefunden
Verteilung der Resultate
Anzahl Personen mit jedem Resultat
Perzentil nach korrekt beantworteten Fragen
Ihre Resultats-Entwicklung
Sie haben dieses Quiz noch nicht gespielt